000 00513nam a2200193Ia 4500
003 OSt
005 20230508062405.0
008 210423s1977 xx 000 0 und d
040 _cAL
082 _a150
_223
_bMORB
100 _aMORGAN (Clifford T)
_999678
245 _aBrief introduction to psychology
260 _aNew Delhi
_bTata McGrawhill
_c1977
365 _b165
_cINR
650 _aPhilosophy
_999679
650 _aPsychology
_999680
906 _aBrief ; introduction ; psychology
942 _2ddc
_cBK
999 _c171368
_d171368